| 000 | 00598pam a2200217 a 4500 | ||
|---|---|---|---|
| 001 | 547829 | ||
| 005 | 20180215065945.0 | ||
| 008 | 880714s1989 ilua b 001 0 eng | ||
| 010 | _a 88013138 | ||
| 020 |
_a0256070687 : _c$37.95 |
||
| 040 |
_aDLC _cDLC _dDLC |
||
| 041 | _aeng | ||
| 080 | _a519.536 joh | ||
| 082 | 0 | 0 |
_a519.536 joh _219 |
| 100 | 1 | _a55 | |
| 101 | _asta | ||
| 245 | 1 | 0 |
_aApplied linear regression models / _cJohn Neter, William Wasserman, Michael H. Kutner. |
| 504 | _aBibliography: p. 657-661. | ||
| 906 |
_a7 _bcbc _corignew _d1 _eocip _f19 _gy-gencatlg |
||
| 942 |
_2ddc _cBK |
||
| 999 |
_c42649 _d42649 |
||